000 00650nam a2200205Ia 4500
005 20221126131041.0
008 131103s9999 xx 000 0 und d
020 _cRs.12.50
040 _aLoreto College
041 _aEnglish
082 _a954.14
_bNIY
100 _aNiyogi,Puspa
245 _aBrahmanic Settlements in different subdivisions of ancient Bengal
_cPuspa Niyogi with a foreword by Benoy Chandra Sen
260 _aCalcutta
_bIndian Studies : Past & Present
_c1967
300 _a90 p.
504 _aIncludes index,appendices and bibliographical references
650 _aHistory Of Ancient Bengal
850 _aLCLIB
942 _cBK
999 _c10175
_d60654